Która to linia ZKM Gdynia? - Statystyki

Ogólne statystyki
  • Ten quiz został rozwiązany 105 razy
    104 od ostatniego zresetowania
  • Średni wynik to 11 z 15
Statystyki odpowiedzi
Przystanek 1 Przystanek 2 Linia % Poprawnych
Rumia Dworzec PKP Kacze Buki R
88%
Pogórze Górne Witomino Sosnowa 141
82%
Stocznia Gdynia Dąbrowa Miętowa 24
81%
Cisowa SKM Kacze Buki 27
81%
Pustki Cisowskie Redłowo Szpital W
81%
Dom Marynarza Oksywie Dolne 128
75%
Dworzec Morski-Muzeum Emigracji Płyta Redłowska 133
74%
Cisowa Sibeliusa Obłuże Maciejewicza 197
68%
Rumia Partyzantów Wejherowo Szpital J
68%
Plac Kaszubski Chylonia Dworzec PKP 102/173
63%
Gdynia Dworzec Gł. PKP Wiczlino Niemotowo 140
63%
Gdynia Dworzec Gł. PKP Cisowa Sibeliusa 30
63%
Sopot Reja Kacze Buki 181
60%
Plac Kaszubski Witomino Leśniczówka 190
58%
Obłuże Maciejewicza Węzeł Franciszki Cegielskiej 182
55%
Nie znaleziono quizów pasujących do podanych kryteriów
Rozkład punktacji
Procent ludzi z każdym wynikiem
Percentyl według liczby udzielonych odpowiedzi
Twoja historia wyników
Nie rozwiązałeś tego quizu od ostatniego zresetowania